[Event "Senior DM 65+ 2024"]
[Site "Aarhus"]
[Date "2024.02.12"]
[Round "1.1"]
[White "Bjornes, Leif"]
[Black "Knudsen, Per"]
[Result "0-1"]
[WhiteElo "1826"]
[BlackElo "2223"]
[PlyCount "46"]
[EventDate "2024.02.12"]
[EventType "swiss"]
[EventRounds "7"]
[EventCountry "DEN"]
[SourceTitle "Live v. Thomas Vestergaard"]

1. d4 d5 2. c4 c6 3. Nf3 Nf6 4. Nc3 Bf5 5. Qb3 Qb6 6. e3 e6 7. Be2 Nbd7 8. O-O h6 9. Bd2 Be7 10. Rac1 O-O 11. Na4 Qc7 12. Rfd1 Rac8 13. Bb4 dxc4 14. Bxc4 Bxb4 15. Qxb4 b5 16. Bxb5 Qb8 17. Nc3 cxb5 18. Qxb5 Qxb5 19. Nxb5 Rb8 20. Nxa7 Rxb2 21. Rd2 Rfb8 22. Nc6 Rxd2 23. Nxb8 Rxa2 0-1

[Event "Senior DM 65+ 2024"]
[Site "Aarhus"]
[Date "2024.02.12"]
[Round "1.2"]
[White "Andreasen, Per Naesby"]
[Black "Johnsen, Oystein"]
[Result "1/2-1/2"]
[WhiteElo "2203"]
[BlackElo "1820"]
[PlyCount "29"]
[EventDate "2024.02.12"]
[EventType "swiss"]
[EventRounds "7"]
[EventCountry "DEN"]
[SourceTitle "Live v. Thomas Vestergaard"]

1. Nf3 d5 2. g3 Nf6 3. Bg2 g6 4. O-O Bg7 5. d4 O-O 6. c4 c6 7. cxd5 cxd5 8. Nc3 Nc6 9. Ne5 Re8 10. Nxc6 bxc6 11. Bf4 Nh5 12. Be3 e5 13. b3 Qf6 14. dxe5 Qxe5 15. Rc1 1/2-1/2

[Event "Senior DM 65+ 2024"]
[Site "Aarhus"]
[Date "2024.02.12"]
[Round "1.3"]
[White "Westenvind, Allan"]
[Black "Alkaersig, Ole"]
[Result "0-1"]
[WhiteElo "1820"]
[BlackElo "2178"]
[PlyCount "74"]
[EventDate "2024.02.12"]
[EventType "swiss"]
[EventRounds "7"]
[EventCountry "DEN"]
[SourceTitle "Live v. Thomas Vestergaard"]

1. d4 d5 2. Nf3 Nf6 3. e3 c5 4. b3 g6 5. Bb2 Bg7 6. h3 O-O 7. Bd3 b6 8. Nbd2 Bb7 9. O-O Nbd7 10. Ne5 Qc7 11. f4 Ne4 12. Nxd7 Qxd7 13. Qe1 Rac8 14. Rd1 Nxd2 15. Qxd2 Qc7 16. c3 e6 17. Qe2 Rfd8 18. g3 a6 19. Ra1 b5 20. Rfc1 Qb6 21. Qe1 b4 22. cxb4 cxd4 23. Kh2 dxe3 24. Bxg7 Kxg7 25. a3 d4 26. Qe2 Qd6 27. h4 h5 28. Rf1 Rc3 29. Bc4 Qc6 30. Ra2 Qe4 31. Re1 e5 32. f5 d3 33. Qxe3 Qxe3 34. Rxe3 d2 35. Rxc3 d1=Q 36. f6+ Kf8 37. g4 Rd2+ 0-1

[Event "Senior DM 65+ 2024"]
[Site "Aarhus"]
[Date "2024.02.12"]
[Round "1.4"]
[White "Thuesen, Mogens Henrik"]
[Black "Fjordside, Arne Dan"]
[Result "1-0"]
[WhiteElo "2158"]
[BlackElo "1805"]
[PlyCount "71"]
[EventDate "2024.02.12"]
[EventType "swiss"]
[EventRounds "7"]
[EventCountry "DEN"]
[SourceTitle "Live v. Thomas Vestergaard"]

1. d4 d5 2. c4 e6 3. Nc3 Nf6 4. Bg5 Be7 5. cxd5 exd5 6. e3 O-O 7. Bd3 Nbd7 8. Qc2 c6 9. Nge2 Re8 10. O-O Nf8 11. Rab1 g6 12. b4 Ne6 13. Bh4 a6 14. a4 Ng7 15. b5 axb5 16. axb5 Bf5 17. Nf4 Ng4 18. Bxe7 Qxe7 19. Rfe1 Bxd3 20. Nxd3 Nf5 21. h3 Nf6 22. Na4 Ne4 23. Nb6 Ra3 24. bxc6 Rc3 25. Qd1 bxc6 26. Rc1 Qa3 27. Rxc3 Nxc3 28. Qc2 Qa5 29. Nd7 Re7 30. N7e5 Re6 31. Rc1 c5 32. Qxc3 Qxc3 33. Rxc3 cxd4 34. exd4 Nxd4 35. Rc8+ Kg7 36. Rc7 1-0

[Event "Senior DM 65+ 2024"]
[Site "Aarhus"]
[Date "2024.02.12"]
[Round "1.5"]
[White "Meldgaard, Frode"]
[Black "Holst, Per"]
[Result "0-1"]
[WhiteElo "1798"]
[BlackElo "2101"]
[PlyCount "102"]
[EventDate "2024.02.12"]
[EventType "swiss"]
[EventRounds "7"]
[EventCountry "DEN"]
[SourceTitle "Live v. Thomas Vestergaard"]

1. e4 e6 2. Nc3 d5 3. exd5 exd5 4. d4 Nf6 5. Nf3 Bd6 6. Be2 c6 7. O-O Bf5 8. Re1 O-O 9. Bg5 Nbd7 10. Nh4 Be6 11. Qd2 Qc7 12. g3 Ne4 13. Nxe4 dxe4 14. Bf1 f6 15. Be3 Rae8 16. c4 c5 17. Rac1 Rf7 18. Ng2 g5 19. Be2 Nf8 20. dxc5 Bxc5 21. Bxc5 Qxc5 22. Bh5 Rd7 23. Qc3 Bf7 24. Bxf7+ Kxf7 25. b4 Qe5 26. Qxe5 Rxe5 27. Red1 Ree7 28. Ne3 Rxd1+ 29. Rxd1 Rd7 30. g4 Rxd1+ 31. Nxd1 Ke6 32. Nc3 Ke5 33. Nb5 a6 34. Nc7 Nd7 35. c5 Kd4 36. Kf1 Kc4 37. a3 Kb3 38. Ke2 Ne5 39. b5 a5 40. Ke3 Kxa3 41. Kxe4 Kb3 42. c6 bxc6 43. b6 Nd7 44. b7 a4 45. Ne6 a3 46. Kd4 Kc2 47. Nc5 Nb8 48. Kc4 a2 49. Nb3 Kb2 50. f3 Na6 51. h3 h6 0-1

[Event "Senior DM 65+ 2024"]
[Site "Aarhus"]
[Date "2024.02.12"]
[Round "1.6"]
[White "Mikkelsen, Peter Jorgen Dam"]
[Black "Poulsen, Knud"]
[Result "1-0"]
[WhiteElo "2095"]
[BlackElo "1780"]
[PlyCount "73"]
[EventDate "2024.02.12"]
[EventType "swiss"]
[EventRounds "7"]
[EventCountry "DEN"]
[SourceTitle "Live v. Thomas Vestergaard"]

1. d4 d5 2. Nf3 Nf6 3. c4 e6 4. Nc3 c6 5. g3 dxc4 6. a4 Bb4 7. Bg2 Ne4 8. Qc2 f5 9. O-O Bxc3 10. bxc3 O-O 11. Ba3 Rf6 12. Ne5 Nd6 13. Bxd6 Qxd6 14. Nxc4 Qe7 15. e4 fxe4 16. Bxe4 Rh6 17. Rae1 Na6 18. Bg2 Nc7 19. f4 Qf7 20. Re5 Nd5 21. Rfe1 Qc7 22. Ne3 Bd7 23. c4 Nb4 24. Qd2 a5 25. c5 b6 26. cxb6 Qxb6 27. Nc4 Qc7 28. Nxa5 Nd5 29. Nb3 Rxa4 30. Nc5 Rc4 31. Bf1 Rc3 32. Rxd5 Rxg3+ 33. hxg3 exd5 34. Re7 Qd8 35. Rxd7 Qe8 36. Qe2 Qa8 37. Qe7 1-0

[Event "Senior DM 65+ 2024"]
[Site "Aarhus"]
[Date "2024.02.12"]
[Round "1.7"]
[White "Iversen, Flemming Pagh"]
[Black "Pedersen, Karsten Nymann"]
[Result "0-1"]
[WhiteElo "1744"]
[BlackElo "2065"]
[PlyCount "56"]
[EventDate "2024.02.12"]
[EventType "swiss"]
[EventRounds "7"]
[EventCountry "DEN"]
[SourceTitle "Live v. Thomas Vestergaard"]

1. Nf3 d5 2. g3 Bf5 3. Bg2 e6 4. O-O Be7 5. d3 h6 6. Nbd2 Nf6 7. c4 O-O 8. Qb3 Nbd7 9. Re1 Nc5 10. Qc2 a5 11. b3 c6 12. Bb2 Bg6 13. Ne5 Bh7 14. Ndf3 Nfd7 15. a3 Nxe5 16. Nxe5 Qb6 17. b4 axb4 18. axb4 Qxb4 19. Bc3 Qb6 20. Bd4 Qc7 21. cxd5 cxd5 22. Rec1 Rxa1 23. Bxa1 Rc8 24. Qd2 Ra8 25. d4 Nb3 26. Rxc7 Rxa1+ 27. Bf1 Nxd2 28. Rxe7 Bf5 0-1

[Event "Senior DM 65+ 2024"]
[Site "Aarhus"]
[Date "2024.02.12"]
[Round "1.8"]
[White "Hewson, Brian"]
[Black "Andersson, Finn"]
[Result "1-0"]
[WhiteElo "2020"]
[BlackElo "1711"]
[PlyCount "49"]
[EventDate "2024.02.12"]
[EventType "swiss"]
[EventRounds "7"]
[EventCountry "DEN"]
[SourceTitle "Live v. Thomas Vestergaard"]

1. d4 Nf6 2. c4 c6 3. Nc3 d5 4. Nf3 e6 5. e3 Nbd7 6. Bd3 Bd6 7. O-O dxc4 8. Bxc4 O-O 9. e4 e5 10. Bg5 exd4 11. Qxd4 Qc7 12. Bxf6 gxf6 13. Rad1 Be7 14. Qe3 Ne5 15. Nxe5 Qxe5 16. Rfe1 Be6 17. Bxe6 fxe6 18. Rd7 Bd6 19. Qh6 Rf7 20. Rxf7 Kxf7 21. Qxh7+ Ke8 22. Qg8+ Bf8 23. Rd1 Rb8 24. Qg6+ Ke7 25. Qh7+ 1-0

[Event "Senior DM 65+ 2024"]
[Site "Aarhus"]
[Date "2024.02.12"]
[Round "1.9"]
[White "Korsgaard, Christian"]
[Black "Nielsen, Christian Volmer"]
[Result "0-1"]
[WhiteElo "1709"]
[BlackElo "1993"]
[PlyCount "58"]
[EventDate "2024.02.12"]
[EventType "swiss"]
[EventRounds "7"]
[EventCountry "DEN"]
[SourceTitle "Live v. Thomas Vestergaard"]

1. e4 d5 2. exd5 Nf6 3. Nc3 Nxd5 4. Bc4 c6 5. Nf3 Bg4 6. O-O e6 7. Nxd5 cxd5 8. Bb5+ Nc6 9. h3 Bh5 10. d4 Bd6 11. c3 a6 12. Bd3 O-O 13. Re1 b5 14. g4 Bg6 15. Bg5 Qc7 16. Bxg6 hxg6 17. h4 Rae8 18. Qd3 f5 19. gxf5 Rxf5 20. Re3 Qf7 21. Rf1 Rf8 22. Kg2 e5 23. dxe5 Bxe5 24. Qe2 Bf4 25. Bxf4 Rxf4 26. Ng5 Qf5 27. Ne6 Rg4+ 28. Rg3 Re4 29. Re3 Qxe6 0-1

[Event "Senior DM 65+ 2024"]
[Site "Aarhus"]
[Date "2024.02.12"]
[Round "1.10"]
[White "Madsen, Svend Aage"]
[Black "Sorensson, Dan"]
[Result "1/2-1/2"]
[WhiteElo "1981"]
[BlackElo "1709"]
[PlyCount "52"]
[EventDate "2024.02.12"]
[EventType "swiss"]
[EventRounds "7"]
[EventCountry "DEN"]
[SourceTitle "Live v. Thomas Vestergaard"]

1. e4 d5 2. exd5 Qxd5 3. d4 Nf6 4. Nf3 Bg4 5. Be2 e6 6. Nc3 Qa5 7. Bd2 c6 8. O-O Nbd7 9. h3 Bh5 10. a3 Qc7 11. Re1 Bd6 12. Ng5 Bxe2 13. Qxe2 O-O 14. Nge4 Bf4 15. Rad1 Bxd2 16. Rxd2 Rad8 17. Qc4 Nd5 18. g3 Nxc3 19. Qxc3 Nb6 20. Qf3 Nc4 21. Rdd1 Nxb2 22. Rb1 Nc4 23. Qc3 Nd6 24. Qb4 Nxe4 25. Rxe4 b6 26. c3 Qd6 1/2-1/2

[Event "Senior DM 65+ 2024"]
[Site "Aarhus"]
[Date "2024.02.12"]
[Round "1.11"]
[White "Lavrsen, Frands Winther"]
[Black "Jensen, Henrik Tranberg"]
[Result "0-1"]
[WhiteElo "1691"]
[BlackElo "1973"]
[PlyCount "102"]
[EventDate "2024.02.12"]
[EventType "swiss"]
[EventRounds "7"]
[EventCountry "DEN"]
[SourceTitle "Live v. Thomas Vestergaard"]

1. f4 c5 2. Nf3 g6 3. g3 d5 4. Bg2 Bg7 5. d3 Nf6 6. c3 O-O 7. O-O Nc6 8. Na3 Qc7 9. Qc2 a6 10. e4 dxe4 11. dxe4 b5 12. Be3 c4 13. Rad1 Bb7 14. e5 Ng4 15. Qe2 Nxe3 16. Qxe3 e6 17. Nc2 Rfd8 18. Ng5 Ne7 19. Qe2 Bxg2 20. Qxg2 Bf8 21. Nd4 Nd5 22. Qe2 b4 23. Ne4 bxc3 24. Nxc3 Rab8 25. Nxd5 Rxd5 26. Nf3 Rbb5 27. Rxd5 Rxd5 28. Rc1 Rd3 29. Kg2 Qb6 30. Rxc4 Re3 31. Qc2 Qb7 32. Rc6 Kg7 33. b3 Qb5 34. Rc4 Qd5 35. Qf2 Rd3 36. Qe2 a5 37. Qe4 Qd7 38. Qc6 Qd8 39. Qc7 Qd5 40. Qc6 Rxf3 41. Qxd5 exd5 42. Ra4 Rc3 43. Rxa5 d4 44. Kf1 d3 45. Rb5 Rc2 46. Rd5 d2 47. Ke2 Bb4 48. Rd7 Rc1 49. a3 Re1+ 50. Kf2 Bc5+ 51. Kg2 d1=Q 0-1

[Event "Senior DM 65+ 2024"]
[Site "Aarhus"]
[Date "2024.02.12"]
[Round "1.12"]
[White "Olesen, Poul Erik Norgaard"]
[Black "Gottschalck, Christian"]
[Result "1-0"]
[WhiteElo "1959"]
[BlackElo "1684"]
[PlyCount "43"]
[EventDate "2024.02.12"]
[EventType "swiss"]
[EventRounds "7"]
[EventCountry "DEN"]
[SourceTitle "Live v. Thomas Vestergaard"]

1. b3 e5 2. Bb2 Nc6 3. e3 Nf6 4. c4 d5 5. cxd5 Qxd5 6. Nc3 Qe6 7. Bc4 Qd7 8. Nf3 Bd6 9. Ng5 O-O 10. O-O h6 11. Nge4 Nxe4 12. Nxe4 a6 13. f4 exf4 14. Nxd6 Qxd6 15. Rxf4 Be6 16. Qc1 Rfe8 17. Qc3 Qf8 18. Bxe6 Rxe6 19. Raf1 Nd8 20. Rg4 f6 21. Qxc7 Re7 22. Qf4 1-0

[Event "Senior DM 65+ 2024"]
[Site "Aarhus"]
[Date "2024.02.12"]
[Round "1.13"]
[White "Markussen, Benno Orvad"]
[Black "Gronhoj, Benny"]
[Result "0-1"]
[WhiteElo "1677"]
[BlackElo "1934"]
[PlyCount "104"]
[EventDate "2024.02.12"]
[EventType "swiss"]
[EventRounds "7"]
[EventCountry "DEN"]
[SourceTitle "Live v. Thomas Vestergaard"]

1. c4 e5 2. g3 f5 3. Bg2 Nf6 4. Nc3 Nc6 5. d3 Be7 6. Nf3 d6 7. Bg5 Bd7 8. Rb1 O-O 9. Bxf6 Bxf6 10. Nd5 a5 11. Qb3 Rb8 12. h4 Ne7 13. Ng5 Bxg5 14. hxg5 c6 15. Nxe7+ Qxe7 16. g6 h6 17. Rh5 Qe6 18. Kd2 Be8 19. Rbh1 Bxg6 20. R5h4 e4 21. d4 Bf7 22. Qe3 f4 23. Qxe4 Qxe4 24. Bxe4 fxg3 25. fxg3 Bxc4 26. b3 Be6 27. Rf4 a4 28. bxa4 Bxa2 29. Bc2 Rxf4 30. gxf4 Kf7 31. Ra1 Bc4 32. a5 Ra8 33. Kc3 Bxe2 34. Rb1 Bb5 35. Bb3+ d5 36. Kb4 Bd3 37. Re1 Be4 38. Bd1 Kf6 39. Bg4 g6 40. Ra1 h5 41. Bh3 Bd3 42. Kc5 g5 43. fxg5+ Kxg5 44. Kb6 Ba6 45. Kc7 Rf8 46. Rg1+ Kh4 47. Bc8 Rf7+ 48. Kd6 Rf2 49. Ke5 Re2+ 50. Kf4 Re4+ 51. Kf3 Rxd4 52. Rh1+ Kg5 0-1

[Event "Senior DM 65+ 2024"]
[Site "Aarhus"]
[Date "2024.02.12"]
[Round "1.14"]
[White "Andersen, Lars Christoff"]
[Black "Pilgaard, Johannes"]
[Result "1-0"]
[WhiteElo "1932"]
[BlackElo "1648"]
[PlyCount "49"]
[EventDate "2024.02.12"]
[EventType "swiss"]
[EventRounds "7"]
[EventCountry "DEN"]
[SourceTitle "Live v. Thomas Vestergaard"]

1. Nf3 d5 2. c4 c6 3. d4 Nf6 4. Nc3 g6 5. Bf4 Bg7 6. e3 O-O 7. Be2 Re8 8. h3 Nbd7 9. cxd5 Nxd5 10. Nxd5 cxd5 11. O-O a6 12. Qb3 e5 13. dxe5 Nxe5 14. Rfd1 Qe7 15. Bxe5 Bxe5 16. Nxe5 Qxe5 17. Rxd5 Qc7 18. Rd4 b5 19. Bf3 Be6 20. Qa3 Ra7 21. Rad1 a5 22. Bd5 b4 23. Qa4 Qe7 24. Bxe6 Qxe6 25. Rxb4 1-0

[Event "Senior DM 65+ 2024"]
[Site "Aarhus"]
[Date "2024.02.12"]
[Round "1.15"]
[White "Andersen, Villy Abildgaard"]
[Black "Christiansen, Arne"]
[Result "1/2-1/2"]
[WhiteElo "1602"]
[BlackElo "1902"]
[PlyCount "35"]
[EventDate "2024.02.12"]
[EventType "swiss"]
[EventRounds "7"]
[EventCountry "DEN"]
[SourceTitle "Live v. Thomas Vestergaard"]

1. e4 d6 2. d4 Nf6 3. Nc3 g6 4. f3 Bg7 5. Be3 O-O 6. Qd2 e5 7. Nge2 Nc6 8. O-O-O a6 9. h4 h5 10. Bh6 Qe7 11. Bg5 Qe8 12. Bh6 Bd7 13. Kb1 Kh7 14. Bxg7 Kxg7 15. d5 Na7 16. Ng1 Nb5 17. Bxb5 axb5 18. g4 1/2-1/2

[Event "Senior DM 65+ 2024"]
[Site "Aarhus"]
[Date "2024.02.12"]
[Round "1.16"]
[White "Nielsen, Ib"]
[Black "Kristensen, Lars Ostergaard"]
[Result "0-1"]
[WhiteElo "1900"]
[BlackElo "1585"]
[PlyCount "60"]
[EventDate "2024.02.12"]
[EventType "swiss"]
[EventRounds "7"]
[EventCountry "DEN"]
[SourceTitle "Live v. Thomas Vestergaard"]

1. c4 e6 2. g3 c6 3. Bg2 d5 4. b3 f5 5. Bb2 Nf6 6. Nf3 Be7 7. O-O O-O 8. d3 Nbd7 9. Nbd2 Qe8 10. Qc2 Bc5 11. e4 fxe4 12. dxe4 Qh5 13. cxd5 exd5 14. exd5 Nxd5 15. Rae1 Be7 16. Qc4 Kh8 17. Ne5 N7b6 18. Qd4 Bf6 19. f4 Bh3 20. Ne4 Rad8 21. Nxf6 Nxf6 22. Qf2 Bxg2 23. Qxg2 Qf5 24. g4 Qc8 25. Ba3 c5 26. Rc1 Nbd7 27. g5 Nxe5 28. gxf6 gxf6 29. Kh1 Rg8 30. Qe2 Qc6+ 0-1

[Event "Senior DM 65+ 2024"]
[Site "Aarhus"]
[Date "2024.02.12"]
[Round "1.17"]
[White "Lauritzen, Vagn"]
[Black "Norregaard, Claus"]
[Result "0-1"]
[WhiteElo "1553"]
[BlackElo "1899"]
[PlyCount "50"]
[EventDate "2024.02.12"]
[EventType "swiss"]
[EventRounds "7"]
[EventCountry "DEN"]
[SourceTitle "Live v. Thomas Vestergaard"]

1. e4 e5 2. Nf3 Nc6 3. Bb5 a6 4. Ba4 d6 5. h3 Bd7 6. c3 g6 7. d3 Bg7 8. O-O Nge7 9. Nbd2 O-O 10. Bb3 Na5 11. Nc4 Nxb3 12. Qxb3 b5 13. Ne3 Be6 14. Qc2 d5 15. exd5 Nxd5 16. Re1 Qd6 17. Ng5 Rfe8 18. Ne4 Qe7 19. b4 Rad8 20. Nc5 Bc8 21. Bb2 Qg5 22. Kh1 Nf4 23. Ne4 Qh4 24. g3 Qxh3+ 25. Kg1 Nxd3 0-1

[Event "Senior DM 65+ 2024"]
[Site "Aarhus"]
[Date "2024.02.12"]
[Round "1.18"]
[White "McAndrew, Robert"]
[Black "Bohnstedt, Michael"]
[Result "1-0"]
[WhiteElo "1898"]
[BlackElo "1439"]
[PlyCount "131"]
[EventDate "2024.02.12"]
[EventType "swiss"]
[EventRounds "7"]
[EventCountry "DEN"]
[SourceTitle "Live v. Thomas Vestergaard"]

1. c4 e5 2. g3 Nf6 3. Bg2 Bc5 4. Nc3 c6 5. Nf3 d6 6. O-O O-O 7. d4 exd4 8. Nxd4 h6 9. Nb3 Bb6 10. Bf4 Bc7 11. e4 Be6 12. Qe2 Nbd7 13. Rfd1 Qe7 14. Nd4 Bg4 15. f3 Bh5 16. Nf5 Qe8 17. Bxd6 Bxd6 18. Rxd6 Kh7 19. Qe3 Bg6 20. Bh3 Bxf5 21. Bxf5+ g6 22. Bxd7 Nxd7 23. f4 Nb6 24. b3 Rd8 25. Rad1 Qe7 26. e5 Rxd6 27. Rxd6 Rd8 28. Ne4 Nc8 29. Rd4 Rxd4 30. Qxd4 b6 31. Kg2 Qe6 32. Nf6+ Kg7 33. Qd8 Ne7 34. Ne8+ Kh7 35. Nf6+ Kg7 36. Nd7 g5 37. Nf6 gxf4 38. gxf4 c5 39. h3 a6 40. Qd6 Qxd6 41. Ne8+ Kf8 42. Nxd6 Nc6 43. Kf3 Nd4+ 44. Ke4 b5 45. cxb5 axb5 46. Kd5 Ne2 47. Kxc5 Nxf4 48. a4 bxa4 49. bxa4 Nd3+ 50. Kd4 Nb4 51. Nf5 h5 52. Ng3 Ke7 53. Nxh5 Ke6 54. Ng7+ Ke7 55. Ke4 Kf8 56. Nf5 Nc6 57. Nd4 Ne7 58. a5 Nc8 59. Nc6 Ke8 60. a6 Nb6 61. h4 Kd7 62. Nd4 Ke7 63. a7 Kf8 64. Nf5 Ke8 65. Nd6+ Ke7 66. Nc8+ 1-0

[Event "Senior DM 65+ 2024"]
[Site "Aarhus"]
[Date "2024.02.12"]
[Round "1.19"]
[White "Gam, Soren"]
[Black "Mortensen, Steen Juul"]
[Result "1/2-1/2"]
[WhiteElo "1368"]
[BlackElo "1837"]
[PlyCount "68"]
[EventDate "2024.02.12"]
[EventType "swiss"]
[EventRounds "7"]
[EventCountry "DEN"]
[SourceTitle "Live v. Thomas Vestergaard"]

1. d4 Nf6 2. g3 g6 3. Bg2 Bg7 4. Nf3 O-O 5. O-O d6 6. c4 Nc6 7. Nc3 a6 8. e4 Bg4 9. h3 Bxf3 10. Bxf3 e5 11. d5 Nd4 12. Bg2 Nd7 13. Ne2 c5 14. dxc6 bxc6 15. Be3 c5 16. Qd2 Rb8 17. Nc3 Qb6 18. b3 Qb4 19. Rfe1 Rfe8 20. Qd3 Qb7 21. Rab1 Qc7 22. Qd2 Nb6 23. Nd5 Nxd5 24. cxd5 Rb6 25. Bxd4 exd4 26. Rec1 Reb8 27. Bf1 Qa7 28. Bc4 Rb4 29. Qd3 R4b6 30. Rf1 a5 31. a4 R6b7 32. Rbe1 Re7 33. Bb5 Rf8 34. Re2 Qc7 1/2-1/2

[Event "Senior DM 65+ 2024"]
[Site "Aarhus"]
[Date "2024.02.13"]
[Round "2.1"]
[White "Knudsen, Per"]
[Black "Nielsen, Christian Volmer"]
[Result "1-0"]
[WhiteElo "2223"]
[BlackElo "1993"]
[PlyCount "85"]
[EventDate "2024.02.12"]
[EventType "swiss"]
[EventRounds "7"]
[EventCountry "DEN"]
[SourceTitle "Live v. Thomas Vestergaard"]

1. Nf3 d5 2. c4 c6 3. b3 Bf5 4. Bb2 e6 5. g3 Nf6 6. Bg2 Be7 7. O-O O-O 8. d3 Nbd7 9. Nbd2 Re8 10. Re1 Qb6 11. Qc2 h6 12. a3 Rad8 13. b4 Ng4 14. c5 Qc7 15. h3 Nge5 16. Nxe5 Nxe5 17. f4 Nd7 18. e4 dxe4 19. dxe4 Bh7 20. Nc4 b6 21. cxb6 axb6 22. Rac1 c5 23. b5 Bf6 24. Rcd1 Bxb2 25. Qxb2 Nf6 26. e5 Nd5 27. Rd2 Re7 28. Red1 Red7 29. Kf2 h5 30. Nd6 c4 31. Qd4 c3 32. Rc1 Qa7 33. Ra2 c2 34. g4 hxg4 35. hxg4 Qa5 36. Bxd5 Rxd6 37. exd6 Rxd6 38. Qb4 Rxd5 39. Qxa5 bxa5 40. Rb2 Rd7 41. f5 exf5 42. b6 f4 43. b7 1-0

[Event "Senior DM 65+ 2024"]
[Site "Aarhus"]
[Date "2024.02.13"]
[Round "2.2"]
[White "Alkaersig, Ole"]
[Black "Olesen, Poul Erik Norgaard"]
[Result "1-0"]
[WhiteElo "2178"]
[BlackElo "1959"]
[PlyCount "63"]
[EventDate "2024.02.12"]
[EventType "swiss"]
[EventRounds "7"]
[EventCountry "DEN"]
[SourceTitle "Live v. Thomas Vestergaard"]

1. e4 d6 2. d4 Nf6 3. Nc3 Nbd7 4. Nge2 e5 5. g3 Be7 6. Bg2 c6 7. a4 a5 8. h3 Qc7 9. Be3 O-O 10. O-O Re8 11. g4 Nf8 12. Qd2 Ng6 13. Ng3 Rb8 14. g5 Nd7 15. Nf5 Nb6 16. b3 Bxf5 17. exf5 Nh4 18. f6 Nxg2 19. Kxg2 exd4 20. Qxd4 c5 21. Qg4 Bf8 22. Rad1 Qc6+ 23. Qf3 gxf6 24. gxf6 Re6 25. Rg1 Kh8 26. Rd5 Nxd5 27. Nxd5 Rbe8 28. Kh2 Rxe3 29. fxe3 Bh6 30. Qh5 Rxe3 31. Nxe3 Bxe3 32. Qg4 1-0

[Event "Senior DM 65+ 2024"]
[Site "Aarhus"]
[Date "2024.02.13"]
[Round "2.3"]
[White "Jensen, Henrik Tranberg"]
[Black "Thuesen, Mogens Henrik"]
[Result "1/2-1/2"]
[WhiteElo "1973"]
[BlackElo "2158"]
[PlyCount "84"]
[EventDate "2024.02.12"]
[EventType "swiss"]
[EventRounds "7"]
[EventCountry "DEN"]
[SourceTitle "Live v. Thomas Vestergaard"]

1. d4 d5 2. Nf3 e6 3. Bf4 c5 4. e3 Nf6 5. c3 Bd6 6. Bxd6 Qxd6 7. Bd3 O-O 8. Nbd2 Nc6 9. O-O e5 10. dxe5 Nxe5 11. Nxe5 Qxe5 12. Nf3 Qh5 13. Be2 Rd8 14. a4 Be6 15. b4 b6 16. a5 Ne4 17. Qc2 Qg6 18. Rfc1 Bh3 19. Bf1 Qf6 20. axb6 axb6 21. Rxa8 Rxa8 22. bxc5 bxc5 23. c4 Be6 24. Bd3 Ra1 25. Bxe4 dxe4 26. Nd2 Qe5 27. h3 f5 28. Rxa1 Qxa1+ 29. Kh2 Qe1 30. Qa4 Kf7 31. Nb3 Qxf2 32. Qa7+ Kf6 33. Qxc5 f4 34. Qd4+ Kf7 35. exf4 Qxf4+ 36. Kg1 g5 37. Nc5 e3 38. Nxe6 Qf2+ 39. Kh2 Kxe6 40. Qd5+ Kf6 41. Qd6+ Kf5 42. Qd5+ Kf6 1/2-1/2

[Event "Senior DM 65+ 2024"]
[Site "Aarhus"]
[Date "2024.02.13"]
[Round "2.4"]
[White "Holst, Per"]
[Black "Andersen, Lars Christoff"]
[Result "0-1"]
[WhiteElo "2101"]
[BlackElo "1932"]
[PlyCount "56"]
[EventDate "2024.02.12"]
[EventType "swiss"]
[EventRounds "7"]
[EventCountry "DEN"]
[SourceTitle "Live v. Thomas Vestergaard"]

1. d4 e6 2. Nf3 d5 3. g3 c5 4. Bg2 Nf6 5. c4 Nc6 6. cxd5 Nxd5 7. O-O Be7 8. dxc5 O-O 9. a3 Bxc5 10. Qc2 Be7 11. Rd1 Qa5 12. Bd2 Qc5 13. Nc3 e5 14. b4 Qc4 15. Ng5 Nf6 16. Bd5 Qg4 17. Bf3 Nd4 18. Nd5 Nxc2 19. Nxe7+ Kh8 20. Bxg4 Bxg4 21. Ra2 Nd4 22. f3 Be6 23. Nxe6 fxe6 24. b5 Rad8 25. Kf2 Nb3 26. Ke1 Nxd2 27. Raxd2 Rxd2 28. Rxd2 Re8 0-1

[Event "Senior DM 65+ 2024"]
[Site "Aarhus"]
[Date "2024.02.13"]
[Round "2.5"]
[White "Gronhoj, Benny"]
[Black "Mikkelsen, Peter Jorgen Dam"]
[Result "1/2-1/2"]
[WhiteElo "1934"]
[BlackElo "2095"]
[PlyCount "113"]
[EventDate "2024.02.12"]
[EventType "swiss"]
[EventRounds "7"]
[EventCountry "DEN"]
[SourceTitle "Live v. Thomas Vestergaard"]

1. e4 c6 2. d4 d5 3. Nc3 dxe4 4. Nxe4 Nf6 5. Nxf6+ exf6 6. Be3 Bd6 7. Bd3 Qc7 8. Ne2 Bg4 9. h3 Bf5 10. Bxf5 Qa5+ 11. Qd2 Qxf5 12. O-O-O O-O 13. g4 Qd5 14. Nc3 Qa5 15. Kb1 Nd7 16. f4 Bb4 17. Qd3 Bxc3 18. Qxc3 Qxc3 19. bxc3 Nb6 20. f5 Rfe8 21. Rhe1 Re4 22. Bd2 Rae8 23. Rxe4 Rxe4 24. Re1 Nc4 25. Kc1 Rxe1+ 26. Bxe1 Kf8 27. Bg3 g6 28. Bf4 Ke7 29. Kd1 b5 30. Ke2 a5 31. Kd3 a4 32. Bg3 Kd7 33. Bf4 Nb6 34. Bg3 Nd5 35. Bb8 Ne7 36. Ke4 Nd5 37. Kd3 Nb6 38. Bg3 a3 39. Bb8 Nd5 40. Bg3 b4 41. Be1 bxc3 42. h4 Nb4+ 43. Kxc3 Nxa2+ 44. Kb3 Nc1+ 45. Kxa3 Ne2 46. Bf2 Nc3 47. Kb3 Ne4 48. fxg6 fxg6 49. Be3 Ng3 50. Kc4 f5 51. g5 Ne4 52. Bf4 Ke6 53. Be3 Kd6 54. Kd3 Ke6 55. c4 Kd6 56. Kc2 Ke6 57. Kd3 1/2-1/2

[Event "Senior DM 65+ 2024"]
[Site "Aarhus"]
[Date "2024.02.13"]
[Round "2.6"]
[White "Pedersen, Karsten Nymann"]
[Black "McAndrew, Robert"]
[Result "1/2-1/2"]
[WhiteElo "2065"]
[BlackElo "1898"]
[PlyCount "35"]
[EventDate "2024.02.12"]
[EventType "swiss"]
[EventRounds "7"]
[EventCountry "DEN"]
[SourceTitle "Live v. Thomas Vestergaard"]

1. d4 Nf6 2. c4 g6 3. g3 Bg7 4. Bg2 d6 5. Nf3 O-O 6. O-O c5 7. d5 e6 8. Nc3 exd5 9. Nxd5 Nxd5 10. Qxd5 Nc6 11. Bg5 Be6 12. Qd3 Ne5 13. Bxd8 Nxd3 14. Be7 Rfe8 15. Bxd6 Rad8 16. exd3 Rxd6 17. Ng5 Rxd3 18. Nxe6 1/2-1/2